000 00367nam a2200145Ia 4500
008 230917s9999||||xx |||||||||||||| ||und||
040 _e87433
_aMAIN
041 _aEnglish
082 _a709.54 L154S
100 _aLalit Kala Akademi
245 0 _aSeven triennale India, 1991
260 _aNew Delhi
_bLalit Kala Akademi
_c1991
300 _aviii, 74 p.
942 _cBK
999 _c97081
_d97081